Goodwill - the recognition and measurements according to the European accounting legislation and the international financial reporting standards

Komparačná analýza prístupov používaných vo vybraných národných európskych účtovných legislatívach k výpočtu a následnému nakladaniu s goodwillom. Prístupy k tomuto fenoménu uplatňované v rámci medzinárodných účtovných štandardov.

Salvato in:
Dettagli Bibliografici
Autore principale: Svoboda, Patrik
Natura: Capitolo di libro
Lingua:inglese
Soggetti:
Tags: Aggiungi Tag
Nessun Tag, puoi essere il primo ad aggiungerne!!

MARC

LEADER 00000naa$a2200000$$$4500
001 0102538
005 20231129065145.7
041 0 |a eng 
044 |a CZ 
245 1 0 |a Goodwill - the recognition and measurements according to the European accounting legislation and the international financial reporting standards  |c Patrik Svoboda 
520 |a Komparačná analýza prístupov používaných vo vybraných národných európskych účtovných legislatívach k výpočtu a následnému nakladaniu s goodwillom. Prístupy k tomuto fenoménu uplatňované v rámci medzinárodných účtovných štandardov. 
610 2 0 |a goodwill 
610 2 0 |a oceňovanie 
610 2 0 |a majetok nehmotný 
610 2 0 |a hodnota reálna 
610 2 0 |a úpravy právne 
610 2 0 |a štandardy účtovné medzinárodné 
100 1 |a Svoboda, Patrik